[Event "CZE-ch blitz"]
[Site "Prague"]
[Date "2016.12.17"]
[Round "2"]
[White "Laznicka, Viktor"]
[Black "Bakalar, Petr"]
[Result "1-0"]
[WhiteElo "2661"]
[BlackElo "2210"]
[PlyCount "51"]
[EventDate "2016.12.17"]
[EventType "swiss (blitz)"]
[EventRounds "15"]
[EventCountry "CZE"]
[SourceTitle "CBM 176 Extra"]
[Source "ChessBase"]
[SourceDate "2017.03.02"]
[SourceVersion "1"]
[SourceVersionDate "2017.03.02"]
[SourceQuality "1"]

1. d4 Nf6 2. Bg5 Ne4 3. Bf4 d5 4. e3 c5 5. Bd3 Qb6 6. Bxe4 dxe4 7. Nc3 e6 8. Nge2 Nc6 9. Nxe4 cxd4 10. exd4 Qxb2 11. 0-0 Qa3 12. c4 f5 13. N4c3 a6 14. d5 e5 15. dxc6 exf4 16. Nd5 Bd6 17. Nb6 Rb8 18. Nxc8 Rxc8 19. cxb7 Rb8 20. Qd5 Qc5 21. Rfd1 Qxd5 22. Rxd5 Bc7 23. Rb1 0-0 24. Nd4 Rfe8 25. Kf1 g6 26. Nc6 1-0

[Event "Pardubice op rap 26th"]
[Site "Pardubice"]
[Date "2015.07.23"]
[Round "7"]
[White "Bakalar, Petr"]
[Black "Vrana, Jan"]
[Result "1-0"]
[WhiteElo "2210"]
[BlackElo "2331"]
[PlyCount "147"]
[EventDate "2015.07.22"]
[EventType "swiss (rapid)"]
[EventRounds "9"]
[EventCountry "CZE"]
[SourceTitle "CBM 167 Extra"]
[Source "ChessBase"]
[SourceDate "2015.09.14"]
[SourceVersion "1"]
[SourceVersionDate "2015.09.14"]
[SourceQuality "1"]

1. Nf3 Nf6 2. b3 d5 3. Bb2 c5 4. g3 Nc6 5. Bg2 e6 6. 0-0 Be7 7. e3 0-0 8. Qe2 b6 9. d3 Bb7 10. c4 Qc7 11. Nc3 a6 12. Rac1 d4 13. exd4 Nxd4 14. Nxd4 cxd4 15. Ne4 Rad8 16. Rc2 Rfe8 17. Rfc1 Nxe4 18. Bxe4 Bc5 19. a3 a5 20. Bxb7 Qxb7 21. f4 Qe7 22. Ra1 f6 23. Qe4 e5 24. f5 Kh8 25. Re2 Rg8 26. Qc6 g6 27. fxg6 Rxg6 28. b4 f5 29. Qf3 axb4 30. axb4 Bxb4 31. Qxf5 Re6 32. Ra7 Rf6 33. Qxe5 Qxe5 34. Rxe5 Rf3 35. Rh5 Kg8 36. Raxh7 Rd6 37. Rh8+ Kg7 38. R5h7+ Kf6 39. Rh6+ Ke7 40. R8h7+ Ke8 41. Rxd6 Bxd6 42. Bxd4 Rxd3 43. Bxb6 Rc3 44. c5 Bxc5+ 45. Bxc5 Rxc5 46. Kg2 Kf8 47. Ra7 Rc2+ 48. Kh3 Rc4 49. g4 Rc2 50. Kg3 Kg8 51. h4 Rc3+ 52. Kf4 Rc4+ 53. Kg5 Rc5+ 54. Kh6 Rc6+ 55. Kh5 Rc5+ 56. g5 Rc6 57. g6 Rc4 58. Kg5 Rb4 59. h5 Rb5+ 60. Kh6 Rb8 61. Rf7 Rb5 62. Ra7 Rb8 63. Rg7+ Kh8 64. Ra7 Kg8 65. Rg7+ Kh8 66. Rf7 Kg8 67. Kg5 Rb1 68. h6 Rg1+ 69. Kf6 Rf1+ 70. Ke7 Re1+ 71. Kd8 Rh1 72. h7+ Kh8 73. Rf8+ Kg7 74. Rg8+ 1-0

[Event "Pardubice op rap 26th"]
[Site "Pardubice"]
[Date "2015.07.23"]
[Round "6"]
[White "Ponizil, Cyril"]
[Black "Bakalar, Petr"]
[Result "1/2-1/2"]
[WhiteElo "2462"]
[BlackElo "2210"]
[PlyCount "129"]
[EventDate "2015.07.22"]
[EventType "swiss (rapid)"]
[EventRounds "9"]
[EventCountry "CZE"]
[SourceTitle "CBM 167 Extra"]
[Source "ChessBase"]
[SourceDate "2015.09.14"]
[SourceVersion "1"]
[SourceVersionDate "2015.09.14"]
[SourceQuality "1"]

1. d4 Nf6 2. Nf3 e6 3. g3 b6 4. Bg2 Bb7 5. 0-0 c5 6. c4 cxd4 7. Qxd4 Be7 8. Nc3 d6 9. Rd1 a6 10. b3 Nbd7 11. Bb2 Qc7 12. Ng5 Bxg2 13. Kxg2 0-0 14. Kg1 Rfd8 15. Rac1 Qb7 16. Qd3 Nc5 17. Qb1 h6 18. Nf3 b5 19. b4 Nce4 20. cxb5 axb5 21. Nd4 Nxc3 22. Rxc3 Nd5 23. Rb3 Rdc8 24. a3 Rc4 25. Rf3 Rac8 26. Qe4 e5 27. Qf5 Nf6 28. Nb3 Qe4 29. Qxe4 Nxe4 30. Nd2 Nxd2 31. Rxd2 Rc2 32. Rfd3 Rxd2 33. Rxd2 f5 34. e3 Kf7 35. Kf1 Ke6 36. Ke2 g5 37. f3 d5 38. Kd1 Bf6 39. h3 Rc4 40. Re2 h5 41. Rd2 g4 42. hxg4 hxg4 43. f4 exf4 44. exf4 Bxb2 45. Rxb2 Rc3 46. Re2+ Kd6 47. Re5 Rxg3 48. Rxf5 Rxa3 49. Rg5 g3 50. Rg6+ Ke7 51. Ke2 d4 52. f5 g2 53. Kf2 Ra2+ 54. Kg1 Kf7 55. Rd6 Rd2 56. Rd5 d3 57. Rd6 Ke7 58. Re6+ Kd7 59. Re3 Rd1+ 60. Kxg2 d2 61. Rd3+ Ke7 62. Kf2 Kf6 63. Rd5 Rb1 64. Rxd2 Rxb4 65. Rd5 1/2-1/2

[Event "Pardubice op rap 26th"]
[Site "Pardubice"]
[Date "2015.07.22"]
[Round "3"]
[White "Bakalar, Petr"]
[Black "Piorun, Kacper"]
[Result "0-1"]
[WhiteElo "2210"]
[BlackElo "2591"]
[PlyCount "72"]
[EventDate "2015.07.22"]
[EventType "swiss (rapid)"]
[EventRounds "9"]
[EventCountry "CZE"]
[SourceTitle "CBM 167 Extra"]
[Source "ChessBase"]
[SourceDate "2015.09.14"]
[SourceVersion "1"]
[SourceVersionDate "2015.09.14"]
[SourceQuality "1"]

1. Nf3 f5 2. b3 Nf6 3. Bb2 e6 4. g3 b6 5. Bg2 Bb7 6. 0-0 Be7 7. d3 0-0 8. e4 fxe4 9. Ng5 Nc6 10. dxe4 h6 11. Nh3 e5 12. Nd2 Bc5 13. Kh1 Qe8 14. f4 Rd8 15. fxe5 Nxe5 16. Qe2 Nfg4 17. Rxf8+ Qxf8 18. Rf1 Qe7 19. Rf5 g6 20. Rf4 Ne3 21. b4 Nxg2 22. Kxg2 Bd6 23. Rf1 Kh7 24. Nf4 Rf8 25. a3 Nf7 26. Qd3 Be5 27. Bxe5 Nxe5 28. Qd4 c5 29. bxc5 bxc5 30. Qc3 Ng4 31. Nd5 Bxd5 32. Rxf8 Qxf8 33. exd5 Qf2+ 34. Kh3 Ne3 35. Qe5 Qg2+ 36. Kh4 Qxh2# 0-1

[Event "Landesliga Nord 1314"]
[Site "Bayern"]
[Date "2014.02.23"]
[Round "7.5"]
[White "Saathoff, Richard"]
[Black "Bakalar, Petr"]
[Result "0-1"]
[WhiteElo "2154"]
[BlackElo "2210"]
[PlyCount "78"]
[EventDate "2013.10.13"]
[EventType "team"]
[EventRounds "9"]
[EventCountry "GER"]
[SourceTitle "EXT 2015"]
[Source "ChessBase"]
[SourceDate "2014.11.20"]
[SourceVersion "1"]
[SourceVersionDate "2014.11.20"]
[SourceQuality "1"]
[WhiteTeam "Nuernberg Sued SW"]
[BlackTeam "Obernau"]
[WhiteTeamCountry "GER"]
[BlackTeamCountry "GER"]

1. e4 c5 2. Nf3 d6 3. d4 cxd4 4. Nxd4 Nf6 5. Nc3 a6 6. Bg5 e6 7. f4 Be7 8. Qf3 Qc7 9. 0-0-0 Nc6 10. Be2 Bd7 11. Qf2 0-0 12. Qg3 Rfc8 13. Nf3 Nb4 14. Ne1 Qa5 15. Bxf6 Bxf6 16. e5 dxe5 17. Ne4 Be7 18. Rxd7 Qa4 19. Rd2 Qxa2 20. Qa3 Nd3+ 21. Rxd3 Bxa3 22. Rxa3 Qd5 23. Bf3 Qd4 24. Rd3 Qa4 25. Ra3 Qd4 26. Rd3 Qb6 27. fxe5 Qa5 28. Ra3 Qxe5 29. Nd3 Qc7 30. Rc3 Qe7 31. Rb3 Rc7 32. Re1 Rac8 33. Re2 h6 34. Kb1 g5 35. Nc3 Qd6 36. h3 b5 37. Ne4 Qd4 38. Rb4 Qg1+ 39. Re1 Qb6 0-1

[Event "Landesliga Nord 1112"]
[Site "Bayern"]
[Date "2012.03.18"]
[Round "8.3"]
[White "Bakalar, Petr"]
[Black "Strobel, Walter"]
[Result "1-0"]
[WhiteElo "2263"]
[BlackElo "2104"]
[PlyCount "105"]
[EventDate "2011.10.02"]
[EventType "team-tourn"]
[EventRounds "9"]
[EventCountry "GER"]
[SourceTitle "EXT 2015"]
[Source "ChessBase"]
[SourceDate "2014.11.20"]
[SourceVersion "1"]
[SourceVersionDate "2014.11.20"]
[SourceQuality "1"]
[WhiteTeam "Obernau"]
[BlackTeam "Klingenberg/Main"]
[WhiteTeamCountry "GER"]
[BlackTeamCountry "GER"]

1. d4 d5 2. c4 c6 3. Nf3 Nf6 4. Nc3 e6 5. Bg5 Nbd7 6. e3 Qa5 7. Qb3 Ne4 8. Bh4 Bb4 9. Rc1 Nb6 10. Nd2 Nxd2 11. Kxd2 dxc4 12. Bxc4 Nxc4+ 13. Qxc4 e5 14. a3 Bd6 15. d5 0-0 16. dxc6 bxc6 17. Qxc6 Bf5 18. e4 Be6 19. b4 Qxa3 20. Qxd6 Bb3 21. Ke3 Bc4 22. Rhd1 f6 23. b5 Qb3 24. g4 Rad8 25. Qxd8 Rxd8 26. Rxd8+ Kf7 27. Rd7+ Kg6 28. Rxa7 Bxb5 29. Kf3 Qb2 30. Raa1 Bd3 31. Kg2 h5 32. h3 Kh6 33. g5+ fxg5 34. Bg3 g4 35. hxg4 hxg4 36. Bxe5 Bxe4+ 37. Nxe4 Qxe5 38. Ra6+ Kh7 39. Ng3 Qd5+ 40. Kg1 Qd2 41. Rb1 Qd3 42. Raa1 Qd4 43. Re1 Qc3 44. Rad1 Qb4 45. Re4 Qb3 46. Rdd4 Qb1+ 47. Kg2 Qb7 48. Rd8 Qc6 49. Rf8 Qb7 50. Rff4 Qd5 51. Rxg4 g5 52. Ne2 Kh6 53. Ng1 1-0

[Event "CZE-chT2c 0405"]
[Site "Czech Republic"]
[Date "2005.04.10"]
[Round "11.1"]
[White "Bakalar, Petr"]
[Black "Prandstetter, Eduard"]
[Result "1/2-1/2"]
[WhiteElo "2275"]
[BlackElo "2336"]
[PlyCount "29"]
[EventDate "2004.10.17"]
[EventType "team"]
[EventRounds "11"]
[EventCountry "CZE"]
[SourceTitle "EXT 2007"]
[Source "ChessBase"]
[SourceDate "2006.11.23"]
[SourceVersion "1"]
[SourceVersionDate "2006.11.23"]
[SourceQuality "1"]
[WhiteTeam "Praha Praga"]
[BlackTeam "AVE Kontakt"]
[WhiteTeamCountry "CZE"]
[BlackTeamCountry "CZE"]

1. d4 Nf6 2. Nf3 e6 3. c4 d5 4. Nc3 Be7 5. Bg5 0-0 6. e3 Nbd7 7. Qc2 c5 8. cxd5 Nxd5 9. Bxe7 Qxe7 10. Nxd5 exd5 11. Bd3 g6 12. dxc5 Nxc5 13. Rc1 Nxd3+ 14. Qxd3 Bf5 15. Qd4 1/2-1/2

[Event "CZE-chT2c 0405"]
[Site "Czech Republic"]
[Date "2005.02.20"]
[Round "8.1"]
[White "Priehoda, Vitezslav"]
[Black "Bakalar, Petr"]
[Result "1-0"]
[WhiteElo "2381"]
[BlackElo "2275"]
[PlyCount "139"]
[EventDate "2004.10.17"]
[EventType "team"]
[EventRounds "11"]
[EventCountry "CZE"]
[SourceTitle "EXT 2007"]
[Source "ChessBase"]
[SourceDate "2006.11.23"]
[SourceVersion "1"]
[SourceVersionDate "2006.11.23"]
[SourceQuality "1"]
[WhiteTeam "Lysa nad Labem"]
[BlackTeam "Praha Praga"]
[WhiteTeamCountry "CZE"]
[BlackTeamCountry "CZE"]

1. d4 c5 2. d5 e5 3. c4 d6 4. e4 Be7 5. Nc3 Bg5 6. Qa4+ Bd7 7. Bxg5 Qxg5 8. Qb3 Bc8 9. g3 Nh6 10. Bh3 Bxh3 11. Nxh3 Qe7 12. f3 0-0 13. g4 Kh8 14. Nf2 Na6 15. h4 Nc7 16. Nfd1 Rab8 17. a4 g6 18. h5 g5 19. a5 Na6 20. 0-0 Nb4 21. Na2 Na6 22. Nac3 Nb4 23. Ne3 f6 24. Na2 Na6 25. Qb5 Nc7 26. Qa4 Na6 27. Rab1 Rfc8 28. b4 cxb4 29. Nxb4 Nc5 30. Qa3 Qd8 31. Rb2 Ng8 32. Rfb1 Ne7 33. a6 b6 34. Kg2 Kg7 35. Kf2 h6 36. Ke2 Rc7 37. Na2 Qc8 38. Nc3 Qd7 39. Ra1 Rcc8 40. Qb4 Rd8 41. Qb5 Qc7 42. Na2 Kf7 43. Nb4 Rbc8 44. Nd3 Nxd3 45. Kxd3 Qb8 46. Qa4 Rc5 47. Rb5 Qc7 48. Qb4 Rc8 49. Rxc5 Qxc5 50. Qxc5 Rxc5 51. Kc3 Ke8 52. Kb4 Kd7 53. Nd1 Rc8 54. Nc3 Ra8 55. Kb5 Rc8 56. Na4 Rb8 57. Kb4 Nc8 58. Kc3 Ne7 59. Rb1 Kc7 60. Kc2 Nc8 61. Rb3 Ne7 62. c5 bxc5 63. Nxc5 Rxb3 64. Ne6+ Kb6 65. Kxb3 Kxa6 66. Nd8 Kb6 67. Nf7 Kc5 68. Nxh6 a5 69. Nf5 Ng8 70. Ka4 1-0

[Event "CZE-chT2c 0405"]
[Site "Czech Republic"]
[Date "2004.10.17"]
[Round "1.1"]
[White "Forman, Stepan"]
[Black "Bakalar, Petr"]
[Result "1/2-1/2"]
[WhiteElo "2283"]
[BlackElo "2275"]
[PlyCount "82"]
[EventDate "2004.10.17"]
[EventType "team"]
[EventRounds "11"]
[EventCountry "CZE"]
[SourceTitle "EXT 2007"]
[Source "ChessBase"]
[SourceDate "2006.11.23"]
[SourceVersion "1"]
[SourceVersionDate "2006.11.23"]
[SourceQuality "1"]
[WhiteTeam "Kutna Hora"]
[BlackTeam "Praha Praga"]
[WhiteTeamCountry "CZE"]
[BlackTeamCountry "CZE"]

1. e4 d6 2. d4 Nf6 3. Nc3 c6 4. h3 Qa5 5. Bd2 e6 6. Nf3 Qb6 7. Bd3 d5 8. e5 Nfd7 9. Na4 Qc7 10. Ng5 Be7 11. Nxh7 g6 12. Ng5 Nxe5 13. dxe5 Bxg5 14. Bxg5 Qxe5+ 15. Be3 d4 16. Qe2 dxe3 17. 0-0-0 Qf4 18. Nc3 Qxf2 19. Qg4 Rh4 20. Qg5 Qf4 21. Qxf4 Rxf4 22. g3 Rd4 23. Rde1 Nd7 24. Ne4 Ne5 25. Rxe3 Ke7 26. Be2 f5 27. Ng5 Nf7 28. c3 Rd6 29. Nf3 Kf6 30. Bc4 Bd7 31. Rhe1 g5 32. Nd4 Re8 33. b4 Nd8 34. Nf3 Rh8 35. h4 gxh4 36. gxh4 b5 37. Bb3 Be8 38. Ng5 Bf7 39. Rf1 Kg7 40. Nxf7 Nxf7 41. Bxe6 Rxh4 1/2-1/2

[Event "CZE-chT2a 0001"]
[Site "Czech Republic"]
[Date "2001.??.??"]
[Round "6"]
[White "Kovar, Vojtech"]
[Black "Bakalar, Petr"]
[Result "0-1"]
[WhiteElo "2105"]
[BlackElo "2275"]
[PlyCount "70"]
[EventDate "2000.??.??"]
[EventType "team"]
[EventRounds "11"]
[EventCountry "CZE"]
[SourceTitle "EXT 2003"]
[Source "ChessBase"]
[SourceDate "2002.11.25"]
[SourceVersion "1"]
[SourceVersionDate "2002.11.25"]
[SourceQuality "1"]

1. e4 c5 2. Nf3 Nc6 3. Bb5 a6 4. Bxc6 dxc6 5. b3 e5 6. Bb2 f6 7. Nxe5 fxe5 8. Qh5+ Kd7 9. Qf5+ Kc7 10. Qxe5+ Kb6 11. Nc3 Ka7 12. 0-0-0 Nf6 13. d4 Bd6 14. Qg5 Nxe4 15. Qxd8 Bf4+ 16. Kb1 Nxc3+ 17. Bxc3 Rxd8 18. dxc5 Bf5 19. g3 Bh6 20. Rd6 Rxd6 21. cxd6 Rd8 22. Be5 c5 23. f3 g6 24. Rd1 Bf8 25. g4 Bc8 26. c4 b6 27. a4 a5 28. Kc2 Kb7 29. h4 Kc6 30. h5 gxh5 31. gxh5 Bxd6 32. h6 Bf5+ 33. Kc1 Be7 34. Rxd8 Bxd8 35. Kd1 Kd7 0-1

[Event "CZE-chT2a 0001"]
[Site "Czech Republic"]
[Date "2000.??.??"]
[Round "2"]
[White "Bakalar, Petr"]
[Black "Pick, Stepan"]
[Result "1/2-1/2"]
[WhiteElo "2240"]
[BlackElo "2250"]
[PlyCount "57"]
[EventDate "2000.??.??"]
[EventType "team"]
[EventRounds "11"]
[EventCountry "CZE"]
[SourceTitle "EXT 2003"]
[Source "ChessBase"]
[SourceDate "2002.11.25"]
[SourceVersion "1"]
[SourceVersionDate "2002.11.25"]
[SourceQuality "1"]

1. d4 Nf6 2. c4 c5 3. d5 b5 4. cxb5 a6 5. bxa6 Bxa6 6. g3 d6 7. Bg2 Nbd7 8. b3 g6 9. Bb2 Bg7 10. Nh3 0-0 11. 0-0 Qb8 12. Bc3 Nb6 13. a4 Ra7 14. Re1 Na8 15. e4 Nd7 16. Bxg7 Kxg7 17. f4 f6 18. Nf2 Qb4 19. Bh3 Rb8 20. Ra3 c4 21. bxc4 Bxc4 22. Qd2 Nc5 23. Qxb4 Rxb4 24. Nc3 Ra5 25. e5 fxe5 26. fxe5 dxe5 27. Rxe5 Kf8 28. Ncd1 Rb3 29. Rxb3 1/2-1/2

[Event "CZE-chT2 0001"]
[Site "Czech Republic"]
[Date "2000.??.??"]
[Round "?"]
[White "Boukal, Petr"]
[Black "Bakalar, Petr"]
[Result "1/2-1/2"]
[WhiteElo "2265"]
[BlackElo "2275"]
[PlyCount "96"]
[EventDate "2000.??.??"]
[EventType "team"]
[EventRounds "9"]
[EventCountry "CZE"]
[SourceTitle "EXT 2002"]
[Source "ChessBase"]
[SourceDate "2001.11.25"]
[SourceVersion "1"]
[SourceVersionDate "2001.11.25"]
[SourceQuality "1"]

1. e4 c5 2. Nf3 Nc6 3. Bb5 a6 4. Bxc6 dxc6 5. h3 e5 6. d3 f6 7. Nbd2 Bd6 8. Nc4 Ne7 9. Be3 0-0 10. Qd2 b6 11. Nxd6 Qxd6 12. Qc3 Kh8 13. a4 a5 14. 0-0 Ng6 15. Rfe1 Rd8 16. Nd2 Nf8 17. Nc4 Qc7 18. Qb3 Rb8 19. Rad1 Ne6 20. c3 b5 21. Na3 Qd7 22. Qc2 Ba6 23. Kh2 h6 24. f3 Qc7 25. Qf2 Qe7 26. Qc2 Rb7 27. Rd2 Rbd7 28. Red1 Rd6 29. Qb3 Qb7 30. Qc2 R8d7 31. Kg1 Qb8 32. Kf2 Qd8 33. Ke1 Kh7 34. Kf2 Kh8 35. Ke1 Qb8 36. Kf2 Rb7 37. d4 cxd4 38. cxd4 Nxd4 39. Bxd4 Rxd4 40. Rxd4 exd4 41. Qc5 bxa4 42. Rxd4 Rxb2+ 43. Kg1 Ra2 44. Nc2 Qb5 45. Qf8+ Kh7 46. Rd7 Qg5 47. h4 Qg3 48. Rd8 Ra1+ 1/2-1/2

[Event "CZE-chT2 9900"]
[Site "Czech Republic"]
[Date "1999.??.??"]
[Round "?"]
[White "Bakalar, Petr"]
[Black "Trichkov, Vasil"]
[Result "1/2-1/2"]
[WhiteElo "2295"]
[BlackElo "2350"]
[PlyCount "81"]
[EventDate "1999.??.??"]
[EventType "team"]
[EventRounds "11"]
[EventCountry "CZE"]
[SourceTitle "EXT 2001"]
[Source "ChessBase"]
[SourceDate "2000.11.22"]
[SourceVersion "1"]
[SourceVersionDate "2000.11.22"]
[SourceQuality "1"]

1. d4 d5 2. c4 c6 3. Nf3 Nf6 4. cxd5 cxd5 5. Nc3 Nc6 6. Bf4 Bg4 7. e3 Qb6 8. Qb3 Qxb3 9. axb3 Bxf3 10. gxf3 a6 11. Bd3 e6 12. Ke2 Be7 13. Bg5 Nd7 14. Bxe7 Kxe7 15. f4 g6 16. Rhc1 Rac8 17. Nd1 Nb4 18. Rc3 Nb6 19. Kd2 h5 20. f3 Rhg8 21. Nf2 Kf6 22. Rg1 Na2 23. Rxc8 Rxc8 24. Bb1 Nb4 25. Nd3 Nxd3 26. Bxd3 Nd7 27. h4 Rc6 28. Re1 Nb8 29. Rg1 Rb6 30. Bc2 Nc6 31. Ra1 Nb4 32. Rg1 Rc6 33. Bd3 Rb6 34. Bc2 Nc6 35. Ra1 Ne7 36. Rg1 Nc6 37. Ra1 Ke7 38. Kc3 Nb4 39. Kd2 Kd6 40. Bd1 Nc6 41. Bc2 1/2-1/2

[Event "CZE-chT2 9899"]
[Site "Czech Republic"]
[Date "1998.??.??"]
[Round "?"]
[White "Bakalar, Petr"]
[Black "Vltavsky, Vladimir"]
[Result "1-0"]
[WhiteElo "2320"]
[BlackElo "2260"]
[PlyCount "53"]
[EventDate "1998.??.??"]
[EventType "team"]
[EventRounds "11"]
[EventCountry "CZE"]
[SourceTitle "EXT 2000"]
[Source "ChessBase"]
[SourceDate "1999.11.16"]
[SourceVersion "1"]
[SourceVersionDate "1999.11.16"]
[SourceQuality "1"]

1. c4 Nf6 2. Nc3 e6 3. g3 c5 4. Bg2 Nc6 5. Nf3 a6 6. 0-0 Be7 7. d4 cxd4 8. Nxd4 0-0 9. b3 Qc7 10. Bb2 d6 11. Rc1 Nxd4 12. Qxd4 Bd7 13. Rfd1 Rfd8 14. h3 Rac8 15. Qa7 d5 16. cxd5 Bc5 17. d6 Bxa7 18. dxc7 Rxc7 19. Ne4 Nd5 20. Rxc7 Nxc7 21. Nc3 Kf8 22. Bxb7 Ke8 23. Ne4 f6 24. Nd6+ Kf8 25. Ba3 Kg8 26. Nc8 Nb5 27. Nxa7 1-0